000 01185nam0a22003731 4500
001 v19\rc\2035205
005 20251118181546.2
035 _a(NLR Aleph) 005113636
090 _a7519877
_c7519877
100 _a20080925d1917 u y0rusy50 ca
101 0 _arus
102 _aRU
105 _ay z |||||
200 1 _aПромышленный капитализм в России
_fС. Зак
205 _a2-е изд., доп. и перераб.
210 _aПетроград
_cДело народа
_d1917
215 _a188, [2] с.
_d21
225 1 _aПартия социалистов-революционеров
_v№ 67
300 _aНа обл.: Пг.-М., 1918
532 1 3 _aПромышленный капитализм в России
700 1 _aЗак
_bС.С.
_f1868-1930
_gСергей Сергеевич
801 0 _aRU
_bNLR
_gpsbo
801 0 _aRU
_bRuMoRGB
_2psbo
801 1 _aRU
_bProSoft-M
_2rusmarc
852 _aNLR
_j17.146.4.8
899 _aRuMoRGB
_jU 421/350
899 _aRuMoRGB
_jW 64/119
899 _aБАН
899 _aНБ СПбГУ
899 _aГПИБ
899 _aНБ МГУ
942 _cBOOK
980 _aNB